000 00515nam a22001697a 4500
003 OSt
008 241118b |||||||| |||| 00| 0 eng d
082 _a630.711058
_bT12A
100 _aTamil Nadu Agricultural University
245 _a37th Annual Report, 2007 - 2008
260 _a.- Coimbatore
_b: Tamil Nadu Agricultural University, Directorate of Planning and Monitoring
_c, 2008
300 _a112p.
650 _aAnnual Report
650 _aAgricultural University
650 _aCoimbatore
942 _2ddc
_cRP
999 _c47049
_d47049